Research methods in biomechanics

保存先:
書誌詳細
主要な著者: Robertson, D. Gordon E (著者), Caldwell, Graham E (著者), Hamill, Joseph (著者), Kamen, Gary (著者), Whittlesey, Saunders N (著者)
フォーマット: 図書
言語:英語
出版事項: Champaign Human Kinetics 2004
版:1a. ed
主題:
タグ: タグ追加
タグなし, このレコードへの初めてのタグを付けませんか!

MARC

LEADER 00000nam a2200000 a 4500
001 UCH3598
003 CL-VaPUC
008 090811e20040000US |||||||||||||||||eng|d
020 |a 073603966X 
082 0 4 |a 612.76  |b ROB  |2 21 
100 0 |a Robertson, D. Gordon E  |e author  |9 539016 
700 0 |a Caldwell, Graham E  |e author  |9 539017 
700 0 |a Hamill, Joseph  |e author  |9 539018 
700 |a Kamen, Gary  |e author  |9 577515 
700 0 |a Whittlesey, Saunders N  |e author  |9 539020 
245 1 0 |a Research methods in biomechanics 
250 |a 1a. ed 
300 |a 309 p 
942 |c BK 
945 |d 20090811 00:00:00  |a cmena 
260 |a Champaign  |b Human Kinetics  |c 2004 
650 0 |a Biomecánica  |9 307420 
650 0 |a Proceso de datos   |9 259776 
650 0 |a Modelos matemáticos   |9 259437 
650 0 |a Investigación científica  |9 259857 
583 |a last modification  |c 20090811 00:00:00  |k Rodrigo Vera 
999 |c 335080  |d 335078 
952 |0 0  |1 0  |4 0  |6 612_760000000000000_ROB_2004  |7 0  |8 A  |9 424657  |a BIBCUR  |b BIBCUR  |d 2019-11-22  |i 2129779  |o 612.76 ROB 2004  |p 2129779  |r 2025-04-22  |w 2019-11-22  |y BK  |k KIN